[Event "AUT-ch U12"]
[Site "St Veit"]
[Date "2021.10.27"]
[Round "4.11"]
[White "Lang, Luis"]
[Black "Schirmbeck, David"]
[Result "0-1"]
[WhiteElo "922"]
[BlackElo "1074"]
[PlyCount "60"]
[EventDate "2021.10.25"]
[EventType "swiss"]
[EventRounds "5"]
[EventCountry "AUT"]
[SourceTitle "EXT 2023"]
[Source "ChessBase"]
[SourceDate "2022.10.05"]
[SourceVersion "1"]
[SourceVersionDate "2022.10.05"]
[SourceQuality "1"]

1. d4 Nf6 2. c4 b6 3. Nf3 e6 4. Nc3 Bb4 5. a3 Bxc3+ 6. bxc3 0-0 7. Bf4 Bb7 8. e3 d6 9. Qc2 Nbd7 10. Be2 Rc8 11. 0-0 c5 12. Bxd6 Re8 13. Qa4 Ne4 14. Bf4 Nxc3 15. Qc2 Nxe2+ 16. Qxe2 Nf6 17. Rfd1 Qe7 18. a4 Ne4 19. Qd3 h5 20. a5 g5 21. Be5 f6 22. Bg3 h4 23. Nxh4 gxh4 24. Bxh4 Ng5 25. axb6 axb6 26. Ra7 Qg7 27. dxc5 Nf3+ 28. Kh1 Nxh4 29. Rg1 Bxg2+ 30. Rxg2 Qxg2# 0-1

[Event "AUT-ch U12"]
[Site "St Veit"]
[Date "2021.10.25"]
[Round "1.12"]
[White "Roessler, Felix"]
[Black "Lang, Luis"]
[Result "1-0"]
[WhiteElo "1557"]
[BlackElo "922"]
[PlyCount "41"]
[EventDate "2021.10.25"]
[EventType "swiss"]
[EventRounds "5"]
[EventCountry "AUT"]
[SourceTitle "EXT 2023"]
[Source "ChessBase"]
[SourceDate "2022.10.05"]
[SourceVersion "1"]
[SourceVersionDate "2022.10.05"]
[SourceQuality "1"]

1. d4 d5 2. c4 Nf6 3. cxd5 Nxd5 4. e4 Nf6 5. Nc3 Nc6 6. Nf3 Bg4 7. Bc4 Bxf3 8. gxf3 Nxd4 9. Be3 Nc6 10. Qb3 Ne5 11. Qxb7 Nxf3+ 12. Ke2 Ne5 13. Bb5+ Nfd7 14. Bxd7+ Nxd7 15. Nb5 Rc8 16. Rac1 c5 17. Rhd1 Rb8 18. Nc7+ Qxc7 19. Qxc7 Rxb2+ 20. Kf1 Rxa2 21. Qxd7# 1-0